| 000 | 00972nam a2200289 a 4500 | ||
|---|---|---|---|
| 001 | 65609 | ||
| 003 | BD-RjUL | ||
| 005 | 20211209081438.0 | ||
| 008 | 170308s1946 enk 001 0 eng d | ||
| 035 | _a(BD-RjUL) 65739 | ||
| 040 |
_aDLC _cNNU _dBD-RjUL _beng |
||
| 041 | _aeng | ||
| 082 |
_a821.6 _223 _bGRP 1946 |
||
| 100 | 1 |
_aGray, Thomas, _d1716-1771. _9194101 |
|
| 245 | 0 | 0 |
_aPoems, letters, and essays / _c[by] Thomas Gray. |
| 260 |
_aLondon, _bE.P. Dutton & co., inc. _c1912[Reprinted 1946] |
||
| 300 |
_axxiii, 390 p., 1 l _c18 cm. |
||
| 490 | 0 | _aEveryman's library, | |
| 500 | _aIntroduction by John Drinkwater. | ||
| 500 | _a"First published in this edition 1912; reprinted ... 1937." | ||
| 500 | _a"Works of Thomas Gray" : p. xiv. | ||
| 600 | 1 | 0 |
_aGray, Thomas, _d1716-1771 _xCorrespondence. _9191702 |
| 650 | 0 |
_aPoets, English _y18th century _xCorrespondence. _9194102 |
|
| 856 | _3Everyman's library, | ||
| 942 |
_2ddc _cBK |
||
| 999 |
_c65609 _d65609 |
||